000 00544nam a2200193 i 4500
001 30458
003 ES-MaACL
005 20230906154210.0
007 t|
008 030124m19641965sp ||||1| spa d
100 1 _aBelogorskii, N.
_927314
245 1 0 _aVchera
_b: roman v 2-j t. /
_cN. Belogorskii.
260 _aMadrid :
_bIzd. avtora,
_c1964-1965.
300 _a2 v. ;
_c21 cm.
505 8 _aContiene: T. I: Nasha voïna. -- T. II: Na chuzhbine.
740 0 _aNasha voïna.
740 0 _aNa chuzhbine.
852 _aES-MaACL
_jC-31610-11
999 _c30458
_d30458